000 00413nam a2200145Ia 4500
008 230917s9999||||xx |||||||||||||| ||und||
040 _e169825
_aMAIN
041 _aEnglish
082 _a891.432741 SL41N
100 _aसहगल, ललित
245 0 _aनिदान
260 _aदिल्ली
_bमानक ग्रन्थ अकादमी
_c1977
300 _a64 पृ. p.
942 _cHN
999 _c158664
_d158664